Famous Adam(s) by Picture - Statistics

General Stats
  • This quiz has been taken 49 times
  • The average score is 6 of 15
Answer Stats
Picture Answer % Correct
Adam Sandler
88%
Adam
74%
Adam Levine
69%
Adam Driver
60%
Adam Lambert
43%
Adam West
43%
Adam Ant
36%
Adam Smith
33%
Adam Copeland
26%
Adam Lallana
26%
Adam Scott
24%
Adam Brody
14%
Adam Baldwin
12%
Adam Rodriguez
5%
Adam Savage
2%
No matching quizzes found
Score Distribution
Percent of People with Each Score
Percentile by Number Answered
Your Score History
You have not taken this quiz